=LDR 00000nam 2200000 4500 =001 INLIS000000000001661 =005 20130612090049 =008 ***********************************Ind** =035 ##$$0010-061300000001661 =041 ##$$a Ind =082 ##$$a 372.607 6 =090 ##$$a 372.607 6, Lan-l =245 ##$$a Lancar dan terampil berbahasa Indonesia dilengkapi dengan kunci jawaban pendidikan dasar sesuai GBPP 1994 untuk SD =260 ##$$a 1999 $b Semarang =300 ##$$a ...jil, ilus, 28 cm =650 ##$$a Terampil berbahasa (Pendidikan Dasar/SD) =850 ##$$a NBPNMAT